书目信息 |
| 题名: |
企业会计
|
|
| 作者: | 张思纯 , 张永忠 著 | |
| 分册: | ||
| 出版信息: | 北京 机械工业出版社 2005.03 |
|
| 页数: | 324页 | |
| 开本: | 26cm | |
| 丛书名: | ||
| 单 册: | ||
| 中图分类: | F275.2 | |
| 科图分类: | ||
| 主题词: | 企业经济 | |
| 电子资源: | ||
| ISBN: | 978-7-111-16011-3 | |
| 000 | 00864nam0 2200265 450 | |
| 001 | 0100051192 | |
| 005 | 20160503110655.47 | |
| 010 | @a978-7-111-16011-3@dCNY26.00 | |
| 100 | @a20020101d2010 km y0chiy0120 ea | |
| 101 | 0 | @achi |
| 102 | @aCN@b110000 | |
| 105 | @ay a 000yy | |
| 200 | 1 | @a企业会计@Aqi ye hui ji@f张思纯,张永忠著@Fzhang si chun zhang yong zhong zhu |
| 210 | @a北京@c机械工业出版社@d2005.03 | |
| 215 | @a324页@d26cm | |
| 300 | @a21世纪高等教育工程管理系列规划教材 | |
| 330 | @a全书共分10章,本书内容包括:总论、企业会计的核算方法、流动资产、长期资产、负债、收入、成本与费用、财务会计报告等。 | |
| 540 | @a企业会计 | |
| 606 | 0 | @a企业经济 |
| 690 | @aF275.2@v4 | |
| 701 | 0 | @a张思纯@Azhang si chun@4著 |
| 701 | 1 | @a张永忠@Azhang yong zhong@4著 |
| 801 | 0 | @aCN@bDYGS@c20101108 |
| 901 | @a211986 | |
| 905 | @b1076253@dF275.2@eZ170@f1 | |
| 企业会计/张思纯,张永忠著.-北京:机械工业出版社,2005.03 |
| 324页;26cm |
| 21世纪高等教育工程管理系列规划教材 |
| ISBN 978-7-111-16011-3:CNY26.00 |
| 全书共分10章,本书内容包括:总论、企业会计的核算方法、流动资产、长期资产、负债、收入、成本与费用、财务会计报告等。 |
| ● |
| 相关链接 |
|
|
|
正题名:企业会计
索取号:F275.2/Z170
 
预约/预借
| 序号 | 登录号 | 条形码 | 馆藏地/架位号 | 状态 | 备注 |
| 1 | 1076253 | 210762539 | 社科库409/409社科库 95排3列2层/ [索取号:F275.2/Z170] | 在馆 | |
| 2 | 1237833 | 212378336 | 管理学院资料室/ [索取号:F275.2/Z170] | 在馆 | |
| 3 | 484795 | 204847951 | 城院文库/ [索取号:F275.2/Z170] | 在馆 |